000 00354 a2200157 4500
001 75582
020 _a9788534922890
040 _cAnchieta - Colégio São Paulo
100 _aPerrault, Charles
240 1 0 _aContos de Perrault
_lpor
245 1 0 _aContos de Perrault
300 _a296
362 0 _a2005
650 4 _aLiteratura juvenil
942 _cBK
999 _c75582
_d75582